• AIU
  • Tony Wilmot Memorial Library

To be told : (Record no. 52698)

MARC details
000 -LEADER
fixed length control field 01540cam a22003254a 4500
001 - CONTROL NUMBER
control field 13731441
003 - CONTROL NUMBER IDENTIFIER
control field OSt
005 - DATE AND TIME OF LATEST TRANSACTION
control field 20111005142909.0
008 - FIXED-LENGTH DATA ELEMENTS--GENERAL INFORMATION
fixed length control field 040927s2005 cou b 000 0 eng
010 ## - LIBRARY OF CONGRESS CONTROL NUMBER
LC control number 2004022768
020 ## - INTERNATIONAL STANDARD BOOK NUMBER
International Standard Book Number 1578569486
040 ## - CATALOGING SOURCE
Original cataloging agency DLC
Transcribing agency DLC
Modifying agency DLC
042 ## - AUTHENTICATION CODE
Authentication code pcc
050 00 - LIBRARY OF CONGRESS CALL NUMBER
Classification number BV4501.3
Item number .A46 2005
082 00 - DEWEY DECIMAL CLASSIFICATION NUMBER
Classification number 248.4
Edition number 22
100 1# - MAIN ENTRY--PERSONAL NAME
Personal name Allender, Dan B.
9 (RLIN) 10262
245 10 - TITLE STATEMENT
Title To be told :
Remainder of title know your story, shape your life /
Statement of responsibility, etc Dan B. Allender.
250 ## - EDITION STATEMENT
Edition statement 1st ed.
260 ## - PUBLICATION, DISTRIBUTION, ETC. (IMPRINT)
Place of publication, distribution, etc Colorado Springs, Colo. :
Name of publisher, distributor, etc Waterbrook Press,
Date of publication, distribution, etc 2005.
300 ## - PHYSICAL DESCRIPTION
Extent x, 227 p. ;
Dimensions 24 cm.
504 ## - BIBLIOGRAPHY, ETC. NOTE
Bibliography, etc Includes bibliographical references.
505 0# - FORMATTED CONTENTS NOTE
Formatted contents note The tale to be told -- What's your real name? -- What makes a good story? -- Listening to what moves you -- Facing the tragedy that shapes you -- Getting caught by your calling -- Write your destiny -- Editing together -- Story feasting -- Prayer that reveals -- The fruit of fasting -- Giving away your story.
650 #0 - SUBJECT ADDED ENTRY--TOPICAL TERM
Topical term or geographic name as entry element Christian life.
856 42 - ELECTRONIC LOCATION AND ACCESS
Materials specified Contributor biographical information
Uniform Resource Identifier <a href="http://www.loc.gov/catdir/bios/random055/2004022768.html">http://www.loc.gov/catdir/bios/random055/2004022768.html</a>
856 42 - ELECTRONIC LOCATION AND ACCESS
Materials specified Publisher description
Uniform Resource Identifier <a href="http://www.loc.gov/catdir/description/random052/2004022768.html">http://www.loc.gov/catdir/description/random052/2004022768.html</a>
856 41 - ELECTRONIC LOCATION AND ACCESS
Materials specified Table of contents
Uniform Resource Identifier <a href="http://www.loc.gov/catdir/toc/ecip051/2004022768.html">http://www.loc.gov/catdir/toc/ecip051/2004022768.html</a>
906 ## - LOCAL DATA ELEMENT F, LDF (RLIN)
a 7
b cbc
c orignew
d 1
e ecip
f 20
g y-gencatlg
942 ## - ADDED ENTRY ELEMENTS (KOHA)
Source of classification or shelving scheme Library of Congress Classification
Koha item type Books
Holdings
Withdrawn status Lost status Source of classification or shelving scheme Damaged status Not for loan Collection code Home library Current library Shelving location Date acquired Source of acquisition Cost, normal purchase price Total Checkouts Full call number Barcode Date last seen Date checked out Copy number Price effective from Koha item type
    Library of Congress Classification     General Circulation AIU/NEGST - Tony Wilmot Memorial Library AIU/NEGST - Tony Wilmot Memorial Library General Stacks 10/05/2011 Donation 22.50 3 BV 4501.3.A46 2005 R39762P3232 07/06/2022 06/23/2022 1 10/05/2011 Books